000 01068cad a22002055a 4500
001 L156856
008 120720s2012 xxk 000 0 eng d
035 _a(Sirsi) u156856
041 0 _aeng
110 2 _aJones Lang LaSalle
_93755
245 0 0 _aUK property index
_bQ2 2012 - July 2012
260 _aLondon
_bJLL
_c2012
490 0 _aJones Lang LaSalle UK Property Index
520 _aThe Q2 Property Index shows continued re-pricing of secondary assets relative to prime in light of poor economic prospects. This polarisation will continue as caution in the investment market leads to a focus on prime assets. Tables cover property performance (%), total return (%), yields (%), property,equities and gilts total returns, and performance by sector: total returns (%), capital growth (%), and rental growth (%).
590 _aNTK KA
651 4 _aUnited Kingdom
690 _aCommercial property
_96227
856 4 0 _uhttps://www.joneslanglasalle.co.uk/ResearchLevel1/JLL_UK_PROPERTY_INDEX_Q2_2012.pdf
_zView the report at www.joneslanglasalle.co.uk
942 _n0
999 _c84182
_d84182